Floyer-Acland and others v Osmond (Record no. 63739)

MARC details
000 -LEADER
fixed length control field 01243cam a2200217 4500
001 - CONTROL NUMBER
control field ABS62514
008 - FIXED-LENGTH DATA ELEMENTS--GENERAL INFORMATION
fixed length control field 000000n2000 000 0 eng u
035 ## - SYSTEM CONTROL NUMBER
System control number (Sirsi) u106420
245 ## - TITLE STATEMENT
Title Floyer-Acland and others v Osmond
260 ## - PUBLICATION, DISTRIBUTION, ETC.
Date of publication, distribution, etc. 2000
490 ## - SERIES STATEMENT
Series statement Estates Gazette
Volume/sequential designation [2000] 22 EG 134-138(5)
520 ## - SUMMARY, ETC.
Summary, etc. CA 6 April 2000. Respondent tenant, O, held an agricultural tenancy from the appellant landlords, F. Clause 3 of the tenancy agreement allowed the landlords to search and remove sand and gravel from the land on giving not less than 3 months notice. The landlords were granted planning permission for the winning and working of sand and gravel. F then gave the tenant a notice to quit 43.4 acres of the agricultural holding. O sought an arbitrator's decision regarding the validity of the notice to quit. The recorder decided the notice to quit was invalid. F appealed and O cross-appealed. Appeal allowed; cross-appeal dismissed.
590 ## - LOCAL NOTE (RLIN)
Local note ABS
650 ## - SUBJECT ADDED ENTRY--TOPICAL TERM
Topical term or geographic name entry element FLOYER-ACLAND AND OTHERS V OSMOND
650 ## - SUBJECT ADDED ENTRY--TOPICAL TERM
Topical term or geographic name entry element NOTICE TO QUIT
650 ## - SUBJECT ADDED ENTRY--TOPICAL TERM
Topical term or geographic name entry element AGRICULTURAL TENANCY
650 ## - SUBJECT ADDED ENTRY--TOPICAL TERM
Topical term or geographic name entry element MINERAL EXTRACTION
650 ## - SUBJECT ADDED ENTRY--TOPICAL TERM
Topical term or geographic name entry element AGRICULTURAL HOLDINGS ACT 1986
690 ## - LOCAL SUBJECT ADDED ENTRY--TOPICAL TERM (OCLC, RLIN)
Topical term or geographic name as entry element LANDLORD AND TENANT-CASE LAW-AGRICULTURAL TENANCIES
942 ## - ADDED ENTRY ELEMENTS (KOHA)
Suppress in OPAC 0
Holdings
Withdrawn status Lost status Source of classification or shelving scheme Damaged status Not for loan Home library Current library Shelving location Date acquired Total Checkouts Full call number Barcode Date last seen Copy number Price effective from Koha item type
    Dewey Decimal Classification     London London Journal article 12/06/2000   ABS62514 106420-1001 06/08/2019 1 06/08/2019 Law report